Escuela de Trabajo de la Excelentísima Diputación Provincial de Barcelona
Descripción Física:
[4] p. ; 31 cm
MARC
| LEADER | 00000nam a2200000Ia 4500 | ||
|---|---|---|---|
| 001 | 23592 | ||
| 008 | 160829s195- ?] xx 000 0 cat d | ||
| 080 | |a FU-60-22 | ||
| 245 | |a Escuela de Trabajo de la Excelentísima Diputación Provincial de Barcelona | ||
| 260 | |a Barcelona : |b [l'Escola, |c 195- ?] | ||
| 300 | |a [4] p. ; |c 31 cm | ||
| 590 | |a Conté les assignatures de cada curs i cada especialitat. | ||
| 610 | 2 | 0 | |9 54586 |a Escola del Treball (Barcelona, Catalunya) |
| 710 | 2 | |a Escola del Treball (Barcelona, Catalunya) |9 54586 | |
| 901 | |a Arxiu | ||
| 942 | |n 1 |2 udc | ||
| 952 | |0 0 |1 0 |4 0 |6 FU6022 |7 1 |9 54226 |a Arxiu |b Arxiu |d 2012-08-14 |l 0 |o FU-60-22 |p 23592 |r 2016-12-01 00:00:00 |w 2016-12-01 |y ARXIU | ||
| 999 | |c 58095 |d 58095 | ||